000 00956cam a2200277 a 4500
001 12934667
003 OSt
005 20240614162839.0
008 020918r20021982nyua b 001 0 eng
010 _a 2002033353
020 _a0486425401
040 _aDDC
_cMUST
082 0 0 _a515.63 LAW 1975
_222
100 1 _aLawden, D. F.
_917259
245 1 0 _aIntroduction to tensor calculus, relativity, and cosmology /
_cD.F. Lawden.
250 _a3rd ed.
260 _aMineola, N.Y. :
_bDover Publications,
_cC1982
300 _axiii, 205 p. :
_bill. ;
_c24 cm.
500 _aOriginally published: 3rd ed. Chichester [Sussex] ; New York : Wiley, c1982.
504 _aIncludes bibliographical references and indexes
650 0 _aRelativity (Physics)
_98007
650 0 _aCalculus of tensors.
_9718
650 0 _aCosmology.
_93606
856 4 2 _3Publisher description
_uhttp://www.loc.gov/catdir/description/dover032/2002033353.html
942 _2ddc
_cO_SHELF
999 _c8499
_d8499